00467nam a2200193 a 4500001001300000003000900013005001700022008004100039020001300080082001400093100001600107245003800123260002900161300000900190500003500199505001000234650001300244700001600257nice12345678IN_TiNIC20260116013641.0050524s1976 197a grp 000 0 eng  ac144.5500a266bWAR1 aWarren, Max aI Believe in the Great Commission a1976bEerdmans Pubc1976 a190p aincludes index and biblioraphy2 aIndex aMissions1 aWarren, Max